Riconosci il Pokémon - Quiz n°97 - Statistics

Statistiche generali
  • Questo quiz è stato fatto 5 volte
  • Il punteggio medio è 9 su 10
Statistiche sulle risposte
Indizio Risposta % Corretto
Tipo Acqua / Coleottero
100%
Abilità Bolladacqua; Assorbacqua
100%
Stadio evoluzione Prima evoluzione
100%
Generazione Settima
100%
Tasso di cattura 100 (21.7%)
80%
Altezza 1,8 m, 3,1 m (Dominante)
80%
Sesso 50% ♂, 50% ♀
80%
Peso 82,0 kg; 217,5 kg (Dominante)
80%
Pokémon Araquanid
80%
Tasso di allevamento Medio-Veloce
80%
Nessun quiz corrispondente trovato
Distribuzione punteggi
Percentuale di utenti per punteggio
Percentile per numero di risposta
I tuoi punteggi nel tempo
Non hai fatto questo quiz